Teach your self English grammar and composition / (Record no. 170104)

MARC details
000 -LEADER
fixed length control field 00541nam a22001817a 4500
005 - DATE AND TIME OF LATEST TRANSACTION
control field 20191211104739.0
010 ## - LCCN (DPL NO)
LC control number B-731123
020 ## - INTERNATIONAL STANDARD BOOK NUMBER
Terms of availability 695.00
035 ## - SYSTEM CONTROL NUMBER
System control number B-731123
037 ## - SOURCE OF ACQUISITION
Source of stock number/acquisition DBAD / PUB
Stock number dpl
082 ## - DEWEY DECIMAL CLASSIFICATION NUMBER
Classification number 485
100 ## - MAIN ENTRY--PERSONAL NAME
Personal name Prashar, Reema
245 ## - TITLE STATEMENT
Title Teach your self English grammar and composition /
Statement of responsibility, etc by Reema Prashar
260 ## - PUBLICATION, DISTRIBUTION, ETC. (IMPRINT)
Place of publication, distribution, etc Delhi
Name of publisher, distributor, etc Navyug Sahitya
Date of publication, distribution, etc 2018
270 ## - ADDRESS
Address 485-A/3, First floor, Bholanth Nagar, Shahdra
City Delhi
Postal code 110032
300 ## - PHYSICAL DESCRIPTION
Extent 300p.:
Dimensions 23cm(Hb)
942 ## - ADDED ENTRY ELEMENTS (KOHA)
Source of classification or shelving scheme Dewey Decimal Classification
Item type English Books
Classification part 485
Call number suffix PRA
Holdings
Withdrawn status Lost status Not for loan Collection code Home library Current library Date acquired Source of acquisition Cost, normal purchase price Full call number Barcode Copy number Cost, replacement price Koha item type
      Non-fiction Kadipur Kadipur 11/12/2019 Gift/ Eng./13.11.2019 695.00 485 PRA B-731123 1 695.00 English Books

© Delhi Public Library
Hit Counter
free hit counter